00677nam a2200193Ia 4500008004100000020001800041082002000059100005500079245003400134250000900168260006600177300002900243500001900272600001500291650001500306942000700321952013800328999001700466240925s9999 xx 000 0 und d a9781259026713 a658.4038011 OBR aBrien, James A.O; Behl Ramesh; Marakas, George M. 0aManagement Information System a10th aNew Delhi:bMcGraw Hill Education (India) Private LimitedcNA axix, 435p.bNAfOriginal aIncludes Index aManagement aManagement cBK 001040708MANaUITUbUITUd2019-01-20eAllied Book Companyg457.60l0o658.4038011 OBRpQ14080r2024-09-25 07:17:09w2024-09-25yBK c16579d16579